00254 a2200109 4500001000700000020000600007040001100013100003600024240004000060245003500100362000900135169673 a  cMagnum aPestana, Maria Ines Gomes de Sa10aSaeb 97 - primeiros resultadoslpor10aSaeb 97 - primeiros resultados0 a1899